| 000 | 00504nam a22001577a 4500 | ||
|---|---|---|---|
| 003 | macl | ||
| 005 | 20221112124813.0 | ||
| 008 | 221112b |||||||| |||| 00| 0 eng d | ||
| 040 | _cmacl | ||
| 082 | _a800/JHA | ||
| 100 |
_aझा ,मनीष _981511 |
||
| 245 | _aसमय संस्कृति और समकालीन कविता | ||
| 260 |
_aदिल्ली _bआधा प्रकाशन _c2019 |
||
| 650 | _aकाव्यसमीक्षा | ||
| 942 |
_2ddc _cHIN |
||
| 999 |
_c65542 _d65542 |
||